| 000 | 00811nam a2200265 a 4500 | ||
|---|---|---|---|
| 001 | 73958 | ||
| 003 | BD-RjUL | ||
| 005 | 20211209082452.0 | ||
| 008 | 130726s2013 ii b 001 0 eng d | ||
| 020 | _a9788177083514 | ||
| 020 | _a8177083511 | ||
| 035 | _a(BD-RjUL)74176 | ||
| 035 | _a(OCoLC)854608887 | ||
| 040 |
_aBTCTA _beng _erda _cBTCTA _dCDX _dDLC _dBD-RjUL |
||
| 041 | _aeng | ||
| 082 | 0 | 4 |
_a327.54 _223 |
| 245 | 0 | 0 |
_aForeign policy and maritime security of India : _cedited by K.S. Pavithran. |
| 300 |
_axiii, 317 pages ; _c23 cm |
||
| 504 | _aIncludes bibliographical references and index. | ||
| 650 | 0 |
_aSea-power _zIndia. _9219534 |
|
| 651 | 0 |
_aIndia _xForeign relations _y20th century. _9219535 |
|
| 700 | 1 |
_aPavithran, K. S., _eeditor. _9219536 |
|
| 942 |
_2ddc _cBK |
||
| 999 |
_c73958 _d73958 |
||